000 00674nam a22002297a 4500
003 UA-OsUOA
001 88095
007 ta
008 20121001b un ||||| |||| 00| 0 ukr d
100 _aЕгоров Б.
090 _a82.09
_bЕ 30
942 _cBK
040 _aUA-OsUOA
_brus
_cUA-OsUOA
_dUA-OsUOA
245 _aО мастерстве литературной критики: Жанры, композиции, стиль
300 _a316 с.
955 _a4
041 _arus
080 _a82.09
260 _aМ.
_bСоветский писатель
_c1980
650 7 _a82 Література. Літературознавство
_2UDC
999 _c374348
_d374348